Tradiciones peruanas /
Guardado en:
| Autor Principal: | |
|---|---|
| Formato: | Libro |
| Publicado: |
Buenos Aires :
Kapelusz,
1953
|
| Series: | Biblioteca De Grandes Obras De
|
| Materias: | |
| Etiquetas: |
Agregar Etiqueta
Sin Etiquetas, Sea el primero en etiquetar este registro!
|
| LEADER | 00597nam a22001935a 4500 | ||
|---|---|---|---|
| 001 | EHU.bham024772 | ||
| 003 | AR-BHAM | ||
| 005 | 20130507155954.0 | ||
| 008 | 130507s1953##################000#0#####d | ||
| 100 | 1 | |a Palma, Ricardo | |
| 245 | 1 | 0 | |a Tradiciones peruanas / |c Ricardo Palma |
| 260 | |a Buenos Aires : |b Kapelusz, |c 1953 | ||
| 300 | |a 113 p. | ||
| 490 | 0 | |a Biblioteca De Grandes Obras De | |
| 500 | |a Seleccion, Prologo Y Notas De F. Estrella Gutierre | ||
| 653 | |a Donacion lejarraga | ||
| 653 | |a Literatura peruana | ||
| 859 | |a AR-BHAM |b BIB. HUMANIDADES - General |h PE863.4 |k PE |p 477.02 |t Ej.1 |v P177-1 | ||
